000 00307nam a2200097Ia 4500
008 220120s9999||||xx |||||||||||||| ||und||
100 _aShishir S Kowndinya
_912843
245 0 _aAutomated pesticide sprayer
260 _aCoorg Institute of Technology
_bPonnampet
_c2004
650 _aELECTRONICS AND COMMUNICATIONS
999 _c138443
_d138443